The factastic book of 1001 lists / (Record no. 566570)

000 -LEADER
fixed length control field 00748pam a2200265 a 4500
001 - CONTROL NUMBER
control field 2613882
003 - CONTROL NUMBER IDENTIFIER
control field CEME
005 - DATE AND TIME OF LATEST TRANSACTION
control field 20210628201617.0
008 - FIXED-LENGTH DATA ELEMENTS--GENERAL INFORMATION
fixed length control field 980427s1998 nyua f 001 0 eng
010 ## - LIBRARY OF CONGRESS CONTROL NUMBER
LC control number 98007701
020 ## - INTERNATIONAL STANDARD BOOK NUMBER
International Standard Book Number 0789437694
020 ## - INTERNATIONAL STANDARD BOOK NUMBER
International Standard Book Number 0789434121 (pbk.)
040 ## - CATALOGING SOURCE
Original cataloging agency DLC
Transcribing agency DLC
Modifying agency DLC
050 00 - LIBRARY OF CONGRESS CALL NUMBER
Classification number AG106
Item number .A85 1998
082 00 - DEWEY DECIMAL CLASSIFICATION NUMBER
Classification number 031.02
Edition number 21
100 1# - MAIN ENTRY--PERSONAL NAME
Personal name Ash, Russell.
9 (RLIN) 56001
245 14 - TITLE STATEMENT
Title The factastic book of 1001 lists /
Statement of responsibility, etc. Russell Ash.
246 30 - VARYING FORM OF TITLE
Title proper/short title Factastic book of a thousand and one lists
250 ## - EDITION STATEMENT
Edition statement 1st American ed.
260 ## - PUBLICATION, DISTRIBUTION, ETC.
Place of publication, distribution, etc. New York :
Name of publisher, distributor, etc. DK Pub.,
Date of publication, distribution, etc. 1998.
300 ## - PHYSICAL DESCRIPTION
Extent 208 p. :
Other physical details col. ill. ;
Dimensions 29 cm.
500 ## - GENERAL NOTE
General note Includes index.
650 #0 - SUBJECT ADDED ENTRY--TOPICAL TERM
Topical term or geographic name entry element Handbooks, vade-mecums, etc.
9 (RLIN) 47088
942 ## - ADDED ENTRY ELEMENTS (KOHA)
Source of classification or shelving scheme
Koha item type Book
Holdings
Withdrawn status Lost status Source of classification or shelving scheme Damaged status Not for loan Permanent Location Current Location Shelving location Date acquired Total Checkouts Full call number Barcode Date last seen Price effective from Koha item type
          College of Electrical & Mechanical Engineering (CEME) College of Electrical & Mechanical Engineering (CEME) Reference 03/19/2017   031.02 ASH CEME-44974 06/28/2021 06/28/2021 Book
          College of Electrical & Mechanical Engineering (CEME) College of Electrical & Mechanical Engineering (CEME) Reference 03/19/2017   031.02 ASH CEME-44975 06/28/2021 06/28/2021 Book
© 2023 Central Library, National University of Sciences and Technology. All Rights Reserved.